000058473 001__ 58473 000058473 005__ 20200221144259.0 000058473 0248_ $$2sideral$$a97566 000058473 037__ $$aART-2016-97566 000058473 041__ $$aeng 000058473 100__ $$aReyes, O. 000058473 245__ $$aJCLAL: A Java framework for active learning 000058473 260__ $$c2016 000058473 5060_ $$aAccess copy available to the general public$$fUnrestricted 000058473 5203_ $$aActive Learning has become an important area of research owing to the increasing number of real-world problems which contain labelled and unlabelled examples at the same time. JCLAL is a Java Class Library for Active Learning which has an architecture that follows strong principles of object-oriented design. It is easy to use, and it allows the developers to adapt, modify and extend the framework according to their needs. The library offers a variety of active learning methods that have been proposed in the literature. The software is available under the GPL license. 000058473 536__ $$9info:eu-repo/grantAgreement/ES/MINECO/TIN-2014-55252-P 000058473 540__ $$9info:eu-repo/semantics/openAccess$$aby$$uhttp://creativecommons.org/licenses/by/3.0/es/ 000058473 590__ $$a5.0$$b2016 000058473 591__ $$aCOMPUTER SCIENCE, ARTIFICIAL INTELLIGENCE$$b12 / 133 = 0.09$$c2016$$dQ1$$eT1 000058473 591__ $$aAUTOMATION & CONTROL SYSTEMS$$b5 / 60 = 0.083$$c2016$$dQ1$$eT1 000058473 592__ $$a1.29$$b2016 000058473 593__ $$aArtificial Intelligence$$c2016$$dQ1 000058473 593__ $$aStatistics and Probability$$c2016$$dQ1 000058473 593__ $$aSoftware$$c2016$$dQ1 000058473 593__ $$aControl and Systems Engineering$$c2016$$dQ1 000058473 655_4 $$ainfo:eu-repo/semantics/article$$vinfo:eu-repo/semantics/publishedVersion 000058473 700__ $$aPérez, E. 000058473 700__ $$0(orcid)0000-0002-0404-8349$$aRodríguez-Hernández, M.D.C.$$uUniversidad de Zaragoza 000058473 700__ $$aFardoun, H.M. 000058473 700__ $$aVentura, S. 000058473 7102_ $$15007$$2570$$aUniversidad de Zaragoza$$bDpto. Informát.Ingenie.Sistms.$$cÁrea Lenguajes y Sistemas Inf. 000058473 773__ $$g17 (2016), 1-5$$pJ MACH LEARN RES$$tJOURNAL OF MACHINE LEARNING RESEARCH$$x1532-4435 000058473 85641 $$uhttp://www.jmlr.org/papers/volume17/15-347/15-347.pdf$$zTexto completo de la revista 000058473 8564_ $$s165645$$uhttps://zaguan.unizar.es/record/58473/files/texto_completo.pdf$$yVersión publicada 000058473 8564_ $$s58152$$uhttps://zaguan.unizar.es/record/58473/files/texto_completo.jpg?subformat=icon$$xicon$$yVersión publicada 000058473 909CO $$ooai:zaguan.unizar.es:58473$$particulos$$pdriver 000058473 951__ $$a2020-02-21-13:31:33 000058473 980__ $$aARTICLE